00304 a2200109 4500000002500000100001700025110001700042245005600059250001900115260003000134264003000164 nam a22 7a 4500 aKamlesh, M L aKamlesh, M L aManagement concepts in physical education and sport aLatest edition bKhel Sahitya Kendrac2025 bKhel Sahitya Kendrac2025